<?xml version="1.0" encoding="UTF-8"?>
<record
    xmlns:xsi="http://www.w3.org/2001/XMLSchema-instance"
    xsi:schemaLocation="http://www.loc.gov/MARC21/slim http://www.loc.gov/standards/marcxml/schema/MARC21slim.xsd"
    xmlns="http://www.loc.gov/MARC21/slim">

  <leader>00709nam a22001937a 4500</leader>
  <datafield tag="999" ind1=" " ind2=" ">
    <subfield code="c">177108</subfield>
    <subfield code="d">177108</subfield>
  </datafield>
  <controlfield tag="005">20210208162107.0</controlfield>
  <datafield tag="010" ind1=" " ind2=" ">
    <subfield code="a">UR-11024</subfield>
  </datafield>
  <datafield tag="020" ind1=" " ind2=" ">
    <subfield code="c">219.00</subfield>
    <subfield code="a">-</subfield>
  </datafield>
  <datafield tag="035" ind1=" " ind2=" ">
    <subfield code="a">U-9579</subfield>
  </datafield>
  <datafield tag="037" ind1=" " ind2=" ">
    <subfield code="b">DBAD/PUB</subfield>
  </datafield>
  <datafield tag="082" ind1=" " ind2=" ">
    <subfield code="a">841.08</subfield>
  </datafield>
  <datafield tag="100" ind1=" " ind2=" ">
    <subfield code="a">&#x627; &#x648; &#x62A;&#x627; &#x631; &#x6A9;&#x631; &#x634;&#x646; &#x6AF;&#x646;&#x62C;&#x648; &#x60C;&#x628;&#x6BE;&#x627; &#x631; &#x62A;&#x6CC; &#x633;&#x62D;&#x631; &#x6AF;&#x627; &#x646;&#x62F; &#x631; &#x628;&#x644;&#x6CC;</subfield>
  </datafield>
  <datafield tag="245" ind1=" " ind2=" ">
    <subfield code="a">&#x62A;&#x62E;&#x62A; &#x63A;&#x627; &#x644;&#x628; </subfield>
    <subfield code="c">&#x627; &#x648; &#x62A;&#x627; &#x631; &#x6A9;&#x631; &#x634;&#x646; &#x6AF;&#x646;&#x62C;&#x648; &#x60C;&#x628;&#x6BE;&#x627; &#x631; &#x62A;&#x6CC; &#x633;&#x62D;&#x631; &#x6AF;&#x627; &#x646;&#x62F; &#x631; &#x628;&#x644;&#x6CC;</subfield>
  </datafield>
  <datafield tag="246" ind1=" " ind2=" ">
    <subfield code="b">Takht-e-Ghalib  (Urdu)</subfield>
    <subfield code="a">by Awtar Krishan Ganju Bharti Sehar Gander Bili </subfield>
  </datafield>
  <datafield tag="260" ind1=" " ind2=" ">
    <subfield code="a">Delhi</subfield>
    <subfield code="b">J K Offset Printers </subfield>
    <subfield code="c">2019 &#x621;</subfield>
  </datafield>
  <datafield tag="270" ind1=" " ind2=" ">
    <subfield code="a">Gali Garhaia Jama Masjid,</subfield>
    <subfield code="b">Delhi</subfield>
    <subfield code="e">6</subfield>
    <subfield code="l">-</subfield>
  </datafield>
  <datafield tag="300" ind1=" " ind2=" ">
    <subfield code="a">416 &#x635; </subfield>
    <subfield code="c">22 Cm(Hb)</subfield>
  </datafield>
  <datafield tag="942" ind1=" " ind2=" ">
    <subfield code="2">ddc</subfield>
    <subfield code="c">UR</subfield>
    <subfield code="h">841.08</subfield>
    <subfield code="m">&#x627; &#x648; &#x62A; </subfield>
  </datafield>
  <datafield tag="952" ind1=" " ind2=" ">
    <subfield code="0">0</subfield>
    <subfield code="1">0</subfield>
    <subfield code="4">0</subfield>
    <subfield code="7">0</subfield>
    <subfield code="8">NFIC</subfield>
    <subfield code="a">DBAD</subfield>
    <subfield code="b">L</subfield>
    <subfield code="d">2021-02-08</subfield>
    <subfield code="e">DBAD/PUB</subfield>
    <subfield code="g">219.00</subfield>
    <subfield code="l">0</subfield>
    <subfield code="o">841.08 &#x627; &#x648; &#x62A;</subfield>
    <subfield code="p">U-9579</subfield>
    <subfield code="r">2021-02-08 00:00:00</subfield>
    <subfield code="t">1</subfield>
    <subfield code="v">219.00</subfield>
    <subfield code="w">2021-02-08</subfield>
    <subfield code="y">UR</subfield>
  </datafield>
</record>
